[Event "FRA-chT4 1516"]
[Site "Champagne Ardennes"]
[Date "2015.10.04"]
[Round "1.3"]
[White "Durant, Christophe"]
[Black "Hanot, Wilfried"]
[Result "1-0"]
[WhiteElo "1948"]
[BlackElo "1811"]
[PlyCount "45"]
[EventDate "2015.12.06"]
[EventType "team-tourn"]
[EventRounds "7"]
[EventCountry "FRA"]
[SourceTitle "EXT 2024"]
[Source "ChessBase"]
[SourceDate "2023.10.10"]
[SourceVersion "1"]
[SourceVersionDate "2023.10.10"]
[SourceQuality "1"]

1. d4 Nf6 2. Nf3 g6 3. Bf4 c6 4. Nbd2 Bg7 5. e4 d6 6. c3 Nbd7 7. Be2 0-0 8. 0-0 b6 9. Qc2 a5 10. a4 Ba6 11. Bxa6 Rxa6 12. Rad1 b5 13. Rfe1 Qb6 14. b3 Rb8 15. e5 Nd5 16. Bg3 dxe5 17. dxe5 e6 18. Ne4 Rd8 19. Bh4 Rf8 20. Nd6 Nxe5 21. Nxe5 Bxe5 22. Rxe5 Qc7 23. Bg3 1-0

[Event "FRA-chT3"]
[Site "France"]
[Date "2012.02.05"]
[Round "5"]
[White "Durant, Christophe"]
[Black "Dhieux, Franky"]
[Result "1/2-1/2"]
[WhiteElo "1943"]
[BlackElo "2036"]
[PlyCount "43"]
[EventDate "2012.01.20"]
[EventType "team-match"]
[EventRounds "9"]
[EventCountry "FRA"]
[SourceTitle "EXT 2014"]
[Source "ChessBase"]
[SourceDate "2013.11.20"]
[SourceVersion "1"]
[SourceVersionDate "2013.11.20"]
[SourceQuality "1"]

1. d4 d5 2. Nf3 Nf6 3. Bf4 Bf5 4. e3 e6 5. Bd3 Bxd3 6. Qxd3 Bd6 7. Qb5+ Nbd7 8. Bxd6 cxd6 9. Qxb7 Qa5+ 10. b4 Qd8 11. Qa6 Qc7 12. 0-0 0-0 13. Na3 Ne4 14. c4 dxc4 15. Qxc4 Qb7 16. Qb3 Rab8 17. Rab1 d5 18. Rfc1 Rfc8 19. Rc2 Rxc2 20. Nxc2 Rc8 21. Nce1 Nb6 22. Ra1 1/2-1/2

[Event "FRA-chT4"]
[Site "Ech Ardennais/La Francheville"]
[Date "2004.11.07"]
[Round "2"]
[White "Lasalle, Arnaud"]
[Black "Durant, Christophe"]
[Result "1/2-1/2"]
[WhiteElo "1990"]
[BlackElo "2014"]
[PlyCount "44"]
[EventDate "2004.10.10"]
[EventType "team"]
[EventRounds "3"]
[EventCountry "FRA"]
[SourceTitle "EXT 2007"]
[Source "ChessBase"]
[SourceDate "2006.11.23"]
[SourceVersion "1"]
[SourceVersionDate "2006.11.23"]
[SourceQuality "1"]

1. e4 Nc6 2. d4 d5 3. e5 Bf5 4. c3 a6 5. Bd3 Bxd3 6. Qxd3 e6 7. Nf3 Be7 8. 0-0 h5 9. b4 Nh6 10. Na3 Nf5 11. Nc2 g5 12. Ne3 g4 13. Nd2 Nh4 14. f4 gxf3 15. Nxf3 Ng6 16. Nc2 Rg8 17. Kh1 Kd7 18. a4 Qf8 19. Bg5 Bxg5 20. Nxg5 Ngxe5 21. Qd2 Nc4 22. Qf4 Nd6 1/2-1/2

[Event "FRA-chT4 0203"]
[Site "Champagne Ardenne"]
[Date "2003.01.19"]
[Round "4"]
[White "Pierquin, Bernard"]
[Black "Durant, Christophe"]
[Result "1/2-1/2"]
[WhiteElo "2060"]
[BlackElo "1890"]
[PlyCount "75"]
[EventDate "2002.10.02"]
[EventType "team"]
[EventRounds "7"]
[EventCountry "FRA"]
[SourceTitle "EXT 2005"]
[Source "ChessBase"]
[SourceDate "2004.11.15"]
[SourceVersion "1"]
[SourceVersionDate "2004.11.15"]
[SourceQuality "1"]

1. e4 Nc6 2. Nf3 d6 3. d4 Bg4 4. c3 a6 5. Be3 Nf6 6. Nbd2 e5 7. h3 Bh5 8. d5 Ne7 9. Be2 Nd7 10. c4 Bxf3 11. Bxf3 g6 12. g3 Bg7 13. Bg2 0-0 14. 0-0 f5 15. Bg5 Bf6 16. Bxf6 Nxf6 17. f3 Nh5 18. Kh2 f4 19. g4 Ng3 20. Rg1 h5 21. Nf1 Nxf1+ 22. Rxf1 hxg4 23. hxg4 g5 24. Kg1 Kg7 25. Kf2 Ng6 26. Rh1 Nh4 27. Qb3 Qb8 28. Rad1 Qa7+ 29. Kf1 Rh8 30. Qc3 Rh6 31. b4 Rah8 32. c5 Nxg2 33. Kxg2 Rxh1 34. Rxh1 Rxh1 35. Kxh1 Qb8 36. cxd6 cxd6 37. Kg2 Kf7 38. Kf1 1/2-1/2

[Event "FRA-chT4 0102"]
[Site "Champagne Ardenne"]
[Date "2002.01.20"]
[Round "4"]
[White "Becquart, Julien"]
[Black "Durant, Christophe"]
[Result "1-0"]
[WhiteElo "2070"]
[BlackElo "1860"]
[PlyCount "91"]
[EventDate "2002.10.??"]
[EventType "team"]
[EventRounds "7"]
[EventCountry "FRA"]
[SourceTitle "EXT 2005"]
[Source "ChessBase"]
[SourceDate "2004.11.15"]
[SourceVersion "1"]
[SourceVersionDate "2004.11.15"]
[SourceQuality "1"]

1. e4 d6 2. d4 Nf6 3. Nc3 g6 4. Bg5 Bg7 5. e5 dxe5 6. dxe5 Qxd1+ 7. Rxd1 Nfd7 8. Nd5 Bxe5 9. Nf3 Bd6 10. Bxe7 Nb6 11. Bxd6 Nxd5 12. Be5 f6 13. Rxd5 fxe5 14. Rxe5+ Kf7 15. Bc4+ Kf6 16. 0-0 Nc6 17. Re3 Bg4 18. h3 Bf5 19. c3 Na5 20. Be2 Rhe8 21. g4 Be6 22. b3 Rad8 23. Re1 Bf7 24. Bf1 Rxe3 25. Rxe3 a6 26. g5+ Kg7 27. Re7 Kf8 28. Rxc7 Rd1 29. Kg2 Bd5 30. Rc5 Nc6 31. Bc4 Be4 32. Be6 b6 33. Rc4 Bxf3+ 34. Kxf3 Ne5+ 35. Ke2 Nxc4 36. Kxd1 Ne5 37. Ke2 Ke7 38. Bd5 Kf8 39. Ke3 Nd7 40. b4 Kg7 41. Kd4 h6 42. h4 hxg5 43. hxg5 Kf8 44. Bc6 Nb8 45. Kd5 Ke7 46. Ba4 1-0

[Event "Val Thorens op"]
[Site "Val Thorens"]
[Date "2002.??.??"]
[Round "2"]
[White "Andreeva, Marija"]
[Black "Durant, Christophe"]
[Result "1-0"]
[WhiteElo "2026"]
[BlackElo "1800"]
[PlyCount "61"]
[EventDate "2002.07.15"]
[EventType "swiss"]
[EventRounds "9"]
[EventCountry "FRA"]
[SourceTitle "EXT 2003"]
[Source "ChessBase"]
[SourceDate "2002.11.25"]
[SourceVersion "1"]
[SourceVersionDate "2002.11.25"]
[SourceQuality "1"]

1. e4 Nc6 2. d4 d5 3. e5 Bf5 4. c3 e6 5. Be3 a6 6. a4 f6 7. f4 Be4 8. Nf3 Be7 9. Nbd2 f5 10. Ng5 Bxg5 11. fxg5 Nge7 12. Qh5+ Ng6 13. Nxe4 fxe4 14. Qg4 Qd7 15. Be2 Nce7 16. 0-0 Nf5 17. Bf2 c5 18. h4 h5 19. gxh6 Rxh6 20. h5 cxd4 21. cxd4 Nge7 22. Qf4 Nc6 23. Rfd1 0-0-0 24. g4 Nfe7 25. Rac1 Rhh8 26. b4 Rdf8 27. Qd2 Kd8 28. b5 g6 29. bxc6 Nxc6 30. Bh4+ Ke8 31. Bf6 1-0